Chương trình hành động của tỉnh Tiền Giang thực hiện nghị quyết số 41-NQ/TW của Bộ Chính trị /
Spremljeno u:
| Glavni autor: | |
|---|---|
| Format: | Članak |
| Jezik: | Vietnamese |
| Oznake: |
Dodaj oznaku
Bez oznaka, Budi prvi tko označuje ovaj zapis!
|
| Thư viện lưu trữ: | Thư viện Trường Đại học Đà Lạt |
|---|
| LEADER | 00739nam a2200229 4500 | ||
|---|---|---|---|
| 001 | DLU120141074 | ||
| 005 | ##20120921 | ||
| 040 | # | # | |a DLU |b vie |
| 041 | # | # | |a vie |
| 044 | # | # | |a vn |
| 100 | # | # | |a Nguyễn Văn Phòng. |
| 245 | # | # | |a Chương trình hành động của tỉnh Tiền Giang thực hiện nghị quyết số 41-NQ/TW của Bộ Chính trị / |c Nguyễn Văn Phòng. |
| 773 | # | # | |t Hội nghị môi trường toàn quốc 2005 |g 2005, tr. 81-85 |
| 920 | # | # | |a Phòng Tạp chí -- Trung tâm Thông tin - Thư viện Trường Đại học Đà Lạt |
| 994 | # | # | |a DLU |
| 900 | # | # | |a True |
| 911 | # | # | |a Lý Thị Hồng Hạnh |
| 925 | # | # | |a G |
| 926 | # | # | |a A |
| 927 | # | # | |a BB |
| 980 | # | # | |a Thư viện Trường Đại học Đà Lạt |